00633nam a2200205 a 45000050016000000080041000160100013000570200025000700350013000950370015001080400018001230820006001411000018001472450097001652600028002622700072002903000032003626500017003947000016004112009090707477.0060731s1999 nyua b 000 0 eng d aB-357074 c60.00a9788126418879 aB-357074 bDBAD / PUB adplbEnglish  aS aJacob, Litta  aAndersen's Thumbelina and her adventures /cretold by Litta Jacob; illustrated by K.R. Raji  aKeralabDC Books c2008 aDC Kizhakemuri Edam, Good Shepherd Street, KottayambKeralae686001 a29p.:c22cm(pbk) bcol. ill 2Fairy tales  aRaji, K.S.